Galations: (Record no. 17270)

000 -LEADER
fixed length control field 00534nam a2200169 a 4500
001 - CONTROL NUMBER
control field :::00021123$&:&@@
003 - CONTROL NUMBER IDENTIFIER
control field OkBaRHE
005 - DATE AND TIME OF LATEST TRANSACTION
control field 20070425152031.0
008 - FIXED-LENGTH DATA ELEMENTS--GENERAL INFORMATION
fixed length control field s1972 j 000 0 eng u
040 ## - CATALOGING SOURCE
Transcribing agency
100 1# - MAIN ENTRY--PERSONAL NAME
Personal name Colson, Howard P. and Dean,Robert J.
245 10 - TITLE STATEMENT
Title Galations:
Remainder of title Freedom through Christ
260 ## - PUBLICATION, DISTRIBUTION, ETC. (IMPRINT)
Place of publication, distribution, etc Nashville,TN
Name of publisher, distributor, etc Convention Press
Date of publication, distribution, etc 1972
650 ## - SUBJECT ADDED ENTRY--TOPICAL TERM
Topical term or geographic name as entry element Bible Study of Galations
942 ## - ADDED ENTRY ELEMENTS (KOHA)
Source of classification or shelving scheme
Koha item type Books
Copies
Barcode Price effective from Not for loan Permanent Location Lost status Damaged status Koha item type Date last seen Date acquired Full call number Source of classification or shelving scheme Withdrawn status Copy number Shelving location
211232010-04-14 RHEMA Bible Training College  Books2018-04-032010-04-14BS 2685.3 .C6  1General Stacks